[Event "SVK-ch U16"]
[Site "Tatralandia"]
[Date "2024.04.05"]
[Round "1"]
[White "Vida, Gergo1"]
[Black "Durana, Jonas"]
[Result "0-1"]
[WhiteElo "1674"]
[BlackElo "2007"]
[PlyCount "102"]
[EventDate "2024.04.05"]
[EventType "swiss"]
[EventRounds "9"]
[EventCountry "SVK"]
[SourceTitle "CB16_2024"]
[SourceDate "2024.04.17"]
[SourceVersion "1"]
[SourceVersionDate "2024.04.17"]
[SourceQuality "1"]

1. c4 e6 2. Nc3 Nf6 3. g3 Bb4 4. Bg2 0-0 5. e4 d6 6. Nge2 c5 7. 0-0 Nc6 8. b3 Nd4 9. Bb2 e5 10. Nxd4 cxd4 11. Ne2 a5 12. Nc1 Bd7 13. Nd3 Bc5 14. f4 Qc7 15. a4 Bg4 16. Bf3 Bxf3 17. Qxf3 Rfe8 18. fxe5 dxe5 19. Nxc5 Qxc5 20. Ba3 Qc8 21. Kg2 Qd7 22. d3 Ra6 23. Bc1 h6 24. Ra2 Nh7 25. Raf2 Rf6 26. Qe2 Rxf2+ 27. Rxf2 Re6 28. Qf1 Rb6 29. Qd1 Re6 30. Bd2 b6 31. Qg4 Qe7 32. Qd1 Nf6 33. Bc1 Nd7 34. Qc2 Rg6 35. Rf3 Qb4 36. Bd2 Qe7 37. Bc1 h5 38. Qa2 h4 39. Ba3 Qg5 40. Qf2 f6 41. Kf1 Rh6 42. Ke1 Nc5 43. gxh4 Rxh4 44. Rg3 Qh6 45. Bxc5 Qc1+ 46. Ke2 Rxh2 47. Rg2 Qc2+ 48. Ke1 Rh1+ 49. Rg1 Qc1+ 50. Ke2 Rxg1 51. Bxb6 Qd1# 0-1

[Event "Piestany op-B"]
[Site "Piestany"]
[Date "2023.07.19"]
[Round "9"]
[White "Gay, Lukas"]
[Black "Durana, Jonas"]
[Result "0-1"]
[WhiteElo "1744"]
[BlackElo "1991"]
[PlyCount "100"]
[EventDate "2023.07.11"]
[EventType "swiss"]
[EventRounds "9"]
[EventCountry "SVK"]
[SourceTitle "EXT 2024"]
[Source "ChessBase"]
[SourceDate "2023.10.10"]
[SourceVersion "1"]
[SourceVersionDate "2023.10.10"]
[SourceQuality "1"]

1. e4 c5 2. Nf3 d6 3. d4 cxd4 4. Bb5+ Nd7 5. Qxd4 Ngf6 6. 0-0 a6 7. Be2 g6 8. c4 Bg7 9. Nc3 0-0 10. Qd1 b6 11. Qc2 Bb7 12. Rd1 Qc7 13. Bf4 Rfc8 14. Rac1 b5 15. cxb5 axb5 16. Qb1 Qa5 17. b4 Qa3 18. Nxb5 Qxa2 19. Rxc8+ Bxc8 20. Bd3 Qxb1 21. Rxb1 Bb7 22. Nd2 Ng4 23. Nc4 Nde5 24. Nxe5 Nxe5 25. Bxe5 Bxe5 26. Rc1 Ra4 27. Rb1 Ra2 28. f3 Ba6 29. Bf1 Kf8 30. Nc7 Bd4+ 31. Kh1 Bxf1 32. Rxf1 Rb2 33. Na6 Ra2 34. Nc7 Rb2 35. Na6 Ke8 36. h3 Kd7 37. Rc1 Be3 38. Rc7+ Kd8 39. Rb7 Rb1+ 40. Kh2 Bf4+ 41. g3 Rb2+ 42. Kg1 Bxg3 43. b5 d5 44. exd5 Bd6 45. Kf1 Kc8 46. Rb6 Rh2 47. Rc6+ Kb7 48. Nc5+ Bxc5 49. Rxc5 Rxh3 50. Kg2 Rh5 0-1

[Event "Piestany op-B"]
[Site "Piestany"]
[Date "2023.07.11"]
[Round "1"]
[White "Andre, Tomas"]
[Black "Durana, Jonas"]
[Result "1/2-1/2"]
[WhiteElo "1632"]
[BlackElo "1991"]
[PlyCount "59"]
[EventDate "2023.07.11"]
[EventType "swiss"]
[EventRounds "9"]
[EventCountry "SVK"]
[SourceTitle "EXT 2024"]
[Source "ChessBase"]
[SourceDate "2023.10.10"]
[SourceVersion "1"]
[SourceVersionDate "2023.10.10"]
[SourceQuality "1"]

1. e4 e6 2. d4 d5 3. Nd2 Nf6 4. e5 Nfd7 5. Ne2 c5 6. c3 Nc6 7. Nf3 Be7 8. Nf4 Qb6 9. a3 c4 10. h4 Nd8 11. Ng5 Bxg5 12. hxg5 g6 13. Qf3 Qa5 14. Qh3 Nc6 15. Bd2 Qa4 16. Qh6 Ne7 17. Qg7 Rg8 18. Qxh7 Qc2 19. Bc1 Nb6 20. Be2 Bd7 21. f3 Ba4 22. 0-0 Qb3 23. g4 Nd7 24. Bd1 Qb5 25. Bxa4 Qxa4 26. Qh4 0-0-0 27. Qe1 Rh8 28. Kg2 Qb5 29. Rh1 Nb6 30. a4 1/2-1/2

[Event "SVK-chT1W 2223"]
[Site "Slovakia"]
[Date "2023.01.14"]
[Round "7.8"]
[White "Durana, Jonas"]
[Black "Foldesi, Marek"]
[Result "0-1"]
[WhiteElo "1852"]
[BlackElo "1921"]
[PlyCount "70"]
[EventDate "2022.10.15"]
[EventType "team-tourn"]
[EventRounds "11"]
[EventCountry "SVK"]
[SourceTitle "EXT 2024"]
[Source "ChessBase"]
[SourceDate "2023.10.10"]
[SourceVersion "1"]
[SourceVersionDate "2023.10.10"]
[SourceQuality "1"]
[WhiteTeam "Bratislava KSN"]
[BlackTeam "Levice"]
[WhiteTeamCountry "SVK"]
[BlackTeamCountry "SVK"]

1. e4 e5 2. Nf3 Nc6 3. Nc3 Nf6 4. Bb5 Bb4 5. 0-0 0-0 6. Bxc6 dxc6 7. Nxe5 Qe7 8. f4 Bxc3 9. bxc3 Qc5+ 10. Kh1 Nxe4 11. Qf3 Nf6 12. a4 Re8 13. Ba3 Qd5 14. Qf2 Bf5 15. c4 Qa5 16. d3 Rad8 17. Rfb1 Bc8 18. Bb4 Qa6 19. Qg3 Re6 20. Bc3 c5 21. a5 Qd6 22. Nf3 Re3 23. Be5 Qe7 24. h3 Re2 25. Nh4 Nh5 26. Qf3 Qxh4 27. Kh2 Rxc2 28. Re1 Rf2 29. Qe3 Nxf4 30. Bxc7 Rf8 31. Bd6 Rxg2+ 32. Kh1 Rg3 33. Qd2 Rxh3+ 34. Kg1 Qg3+ 35. Kf1 Rh1# 0-1

[Event "SVK-chT1W 2223"]
[Site "Slovakia"]
[Date "2022.11.06"]
[Round "4.8"]
[White "Bednar, Jan"]
[Black "Durana, Jonas"]
[Result "0-1"]
[WhiteElo "1886"]
[BlackElo "1852"]
[PlyCount "100"]
[EventDate "2022.10.15"]
[EventType "team-tourn"]
[EventRounds "11"]
[EventCountry "SVK"]
[SourceTitle "EXT 2024"]
[Source "ChessBase"]
[SourceDate "2023.10.10"]
[SourceVersion "1"]
[SourceVersionDate "2023.10.10"]
[SourceQuality "1"]
[WhiteTeam "Bratislava Doprastav"]
[BlackTeam "Bratislava KSN"]
[WhiteTeamCountry "SVK"]
[BlackTeamCountry "SVK"]

1. d4 Nf6 2. c4 g6 3. Nc3 Bg7 4. e4 d6 5. g3 0-0 6. Bg2 Nbd7 7. Nge2 c5 8. 0-0 cxd4 9. Nxd4 Nc5 10. h3 Qb6 11. Nb3 Be6 12. Nd5 Nxd5 13. cxd5 Bd7 14. Be3 Ba4 15. Qc1 Bxb3 16. axb3 Qxb3 17. Bxc5 dxc5 18. Qxc5 Bxb2 19. Rab1 Rfe8 20. e5 b6 21. Qc7 Qc3 22. d6 Rad8 23. Bc6 exd6 24. exd6 Rf8 25. d7 Ba3 26. Rbe1 Bb4 27. Re8 Rfxe8 28. dxe8Q+ Rxe8 29. Qd7 Re7 30. Qd5 Bc5 31. Kg2 Qe5 32. Qd8+ Kg7 33. Rd1 Qf6 34. Bf3 a5 35. Rd5 Re6 36. Qd7 Rd6 37. Rxd6 Qxd6 38. Qxd6 Bxd6 39. Bc6 Kf6 40. f4 Bb4 41. Kf3 Ke6 42. Be8 Ke7 43. Ba4 Kd6 44. Be8 f6 45. h4 Kc5 46. g4 b5 47. h5 g5 48. h6 gxf4 49. Bg6 Kd4 50. Be8 a4 0-1

[Event "Skalica op-B"]
[Site "Skalica"]
[Date "2022.08.24"]
[Round "5"]
[White "Durana, Jonas"]
[Black "Kubik, Jozef"]
[Result "1/2-1/2"]
[WhiteElo "1700"]
[BlackElo "1796"]
[PlyCount "69"]
[EventDate "2022.08.20"]
[EventType "swiss"]
[EventRounds "9"]
[EventCountry "SVK"]
[SourceTitle "CBM 209 Extra"]
[Source "ChessBase"]
[SourceDate "2022.09.30"]
[SourceVersion "1"]
[SourceVersionDate "2022.09.30"]
[SourceQuality "1"]

1. e4 e5 2. Nf3 Nc6 3. Nc3 Nf6 4. Bb5 Nd4 5. Nxd4 exd4 6. e5 dxc3 7. exf6 Qxf6 8. dxc3 c6 9. Bd3 Bc5 10. Qe2+ Qe7 11. Qxe7+ Bxe7 12. Bf4 d5 13. 0-0-0 0-0 14. Rhe1 Bc5 15. f3 Be6 16. Re2 Rfe8 17. Rde1 Bd7 18. b4 Bf2 19. Rxe8+ Rxe8 20. Rxe8+ Bxe8 21. Bf5 c5 22. Kd2 cxb4 23. cxb4 Bc6 24. Be3 Bxe3+ 25. Kxe3 Kf8 26. Bd3 Ke7 27. Kd4 b6 28. g4 h6 29. f4 f6 30. h4 Kd6 31. b5 Be8 32. h5 Bd7 33. Be2 Be8 34. a4 g5 35. f5 1/2-1/2

[Event "Skalica op-B"]
[Site "Skalica"]
[Date "2022.08.22"]
[Round "3"]
[White "Durana, Jonas"]
[Black "Benci, Jozef1111"]
[Result "1/2-1/2"]
[WhiteElo "1700"]
[BlackElo "1503"]
[PlyCount "84"]
[EventDate "2022.08.20"]
[EventType "swiss"]
[EventRounds "9"]
[EventCountry "SVK"]
[SourceTitle "CBM 209 Extra"]
[Source "ChessBase"]
[SourceDate "2022.09.30"]
[SourceVersion "1"]
[SourceVersionDate "2022.09.30"]
[SourceQuality "1"]

1. e4 d5 2. exd5 Qd7 3. d6 Qxd6 4. Nc3 Nf6 5. Nf3 c6 6. Be2 Bd7 7. 0-0 Bf5 8. d4 e6 9. Ne5 Nbd7 10. Bf4 Nd5 11. Nxd5 Nxe5 12. dxe5 Qxd5 13. Qxd5 cxd5 14. Bb5+ Kd8 15. c4 a6 16. Ba4 Bd3 17. Rfd1 Bxc4 18. Rac1 Bb5 19. Bg5+ Kd7 20. Bb3 h6 21. Be3 Be7 22. f4 f5 23. exf6 Bxf6 24. f5 Bc6 25. Rc2 Bg5 26. Bxg5 hxg5 27. fxe6+ Kxe6 28. Re2+ Kd6 29. Bxd5 Bxd5 30. Red2 Rad8 31. Rxd5+ Ke7 32. Rxd8 Rxd8 33. Rxd8 Kxd8 34. Kf2 Ke7 35. Kf3 Kf6 36. Kg4 Kg6 37. g3 b6 38. h3 Kf6 39. Kf3 Kf5 40. g4+ Ke5 41. Ke3 Kd5 42. Kd3 Ke5 1/2-1/2

[Event "Ceske Budejovice op-B"]
[Site "Ceske Budejovice"]
[Date "2022.07.08"]
[Round "8"]
[White "Durana, Jonas"]
[Black "Fousek, Petr"]
[Result "1-0"]
[WhiteElo "1723"]
[BlackElo "1336"]
[PlyCount "69"]
[EventDate "2022.07.01"]
[EventType "swiss"]
[EventRounds "9"]
[EventCountry "CZE"]
[SourceTitle "EXT 2023"]
[Source "ChessBase"]
[SourceDate "2022.10.05"]
[SourceVersion "1"]
[SourceVersionDate "2022.10.05"]
[SourceQuality "1"]

1. d4 Nf6 2. c4 g6 3. Nc3 Bg7 4. e4 d6 5. f4 0-0 6. Nf3 Nbd7 7. Be2 h6 8. 0-0 c5 9. d5 Nb6 10. h3 Nh5 11. Kh2 f5 12. e5 dxe5 13. Nxe5 Bxe5 14. fxe5 Ng7 15. Bxh6 Bd7 16. e6 Be8 17. Qd2 Qc7+ 18. Bf4 Qd8 19. Be5 Nh5 20. Bxh5 Nxc4 21. Qf4 Nxe5 22. Qxe5 gxh5 23. Rxf5 Qd6 24. Rg5+ Kh7 25. Rg7+ Kh8 26. Qxd6 exd6 27. Rxb7 Bg6 28. Re1 Bd3 29. e7 Rg8 30. Ne4 Bxe4 31. Rxe4 Rge8 32. Rd7 Kg8 33. Rxd6 c4 34. Rde6 Rab8 35. d6 1-0

[Event "Ceske Budejovice op-B"]
[Site "Ceske Budejovice"]
[Date "2022.07.06"]
[Round "6"]
[White "Durana, Jonas"]
[Black "Rayan, Mohammad Ali Hassan"]
[Result "1/2-1/2"]
[WhiteElo "1723"]
[BlackElo "1399"]
[PlyCount "104"]
[EventDate "2022.07.01"]
[EventType "swiss"]
[EventRounds "9"]
[EventCountry "CZE"]
[SourceTitle "EXT 2023"]
[Source "ChessBase"]
[SourceDate "2022.10.05"]
[SourceVersion "1"]
[SourceVersionDate "2022.10.05"]
[SourceQuality "1"]

1. e4 e5 2. Nf3 Nf6 3. d4 Nxe4 4. Bd3 d5 5. Nxe5 Be7 6. 0-0 0-0 7. Nc3 Nf6 8. Re1 b6 9. Bf4 Bb7 10. Qe2 Re8 11. Qd2 a6 12. a4 Bb4 13. Nf3 Ne4 14. Bxe4 dxe4 15. Ne5 Nd7 16. Nxd7 Qxd7 17. Rad1 Rad8 18. Qe3 Bxc3 19. Qxc3 c5 20. Be3 Re6 21. Rd2 Rd6 22. Red1 cxd4 23. Rxd4 Rxd4 24. Rxd4 Qe7 25. h3 Rc8 26. Qb3 Qc7 27. Rd2 Bc6 28. Bxb6 Qb7 29. a5 h6 30. Qe3 Qb8 31. b4 Bb5 32. Rd4 Qe5 33. Rxe4 Qb2 34. Bd4 Qxc2 35. Rg4 Qc1+ 36. Kh2 g5 37. f4 Qxe3 38. Bxe3 f6 39. fxg5 fxg5 40. h4 Rc4 41. Rxc4 Bxc4 42. hxg5 hxg5 43. Bxg5 Kg7 44. Kg3 Bb5 45. Kf4 Kg6 46. g4 Be2 47. Bd8 Bb5 48. Ke5 Be2 49. g5 Bb5 50. Kd5 Be2 51. Kc5 Bb5 52. Kb6 Bd3 1/2-1/2

[Event "Ceske Budejovice op-B"]
[Site "Ceske Budejovice"]
[Date "2022.07.02"]
[Round "2"]
[White "Durana, Jonas"]
[Black "Zezula, Matej"]
[Result "1/2-1/2"]
[WhiteElo "1723"]
[BlackElo "1409"]
[PlyCount "67"]
[EventDate "2022.07.01"]
[EventType "swiss"]
[EventRounds "9"]
[EventCountry "CZE"]
[SourceTitle "EXT 2023"]
[Source "ChessBase"]
[SourceDate "2022.10.05"]
[SourceVersion "1"]
[SourceVersionDate "2022.10.05"]
[SourceQuality "1"]

1. e4 c5 2. Nc3 e6 3. f4 d5 4. e5 Nc6 5. Nf3 Nh6 6. d4 Nf5 7. Ne2 Qb6 8. c3 cxd4 9. Nexd4 Ncxd4 10. cxd4 Bd7 11. a3 Rc8 12. g4 Ne7 13. Be2 Nc6 14. b4 Be7 15. 0-0 h6 16. Kg2 Rg8 17. h4 f6 18. g5 f5 19. Bb2 Na5 20. Rb1 Nc4 21. Bxc4 Rxc4 22. Nd2 Rc8 23. Kh1 Rh8 24. Qh5+ Kf8 25. Nb3 Kg8 26. g6 Rc2 27. Nc5 Bxc5 28. dxc5 Qb5 29. Qd1 Qc4 30. h5 Re2 31. Rf3 Qe4 32. Qd3 Re1+ 33. Rxe1 Qxe1+ 34. Kh2 1/2-1/2

[Event "SVK-ch U14"]
[Site "Stara Lubovna"]
[Date "2022.05.21"]
[Round "1"]
[White "Durana, Jonas"]
[Black "Hasala, Richard"]
[Result "1-0"]
[WhiteElo "1644"]
[BlackElo "1318"]
[PlyCount "79"]
[EventDate "2022.05.21"]
[EventType "swiss"]
[EventRounds "9"]
[EventCountry "SVK"]
[SourceTitle "CBM 208 Extra"]
[Source "ChessBase"]
[SourceDate "2022.07.31"]
[SourceVersion "1"]
[SourceVersionDate "2022.07.31"]
[SourceQuality "1"]

1. e4 Nf6 2. e5 Nd5 3. d4 d6 4. c4 Nb6 5. f4 Bf5 6. Nf3 e6 7. Nc3 dxe5 8. fxe5 Bb4 9. Be2 Bxc3+ 10. bxc3 Nc6 11. 0-0 0-0 12. Bg5 Qd7 13. a4 Ne7 14. Qb3 Rab8 15. a5 Nbc8 16. Rfd1 h6 17. Be3 a6 18. d5 Be4 19. Bc5 c6 20. dxc6 Qxc6 21. Qb4 Qe8 22. Qa3 f6 23. Bd6 Nxd6 24. exd6 Nc6 25. c5 Qg6 26. g3 f5 27. Nh4 Qg5 28. Qc1 Qxc1 29. Rdxc1 g5 30. Nf3 f4 31. Nd4 e5 32. Bc4+ Kh7 33. Nxc6 Bxc6 34. g4 Bd7 35. Re1 Rbe8 36. Bd5 Rc8 37. Rxe5 Rxc5 38. Be4+ Bf5 39. Bxf5+ Rxf5 40. Rxf5 1-0

[Event "EU-ch Hybrid U12"]
[Site "Tornelo INT"]
[Date "2021.10.15"]
[Round "9"]
[White "Durana, Jonas"]
[Black "Kotelnikov, Matvei"]
[Result "0-1"]
[WhiteElo "1466"]
[BlackElo "1302"]
[PlyCount "96"]
[EventDate "2021.10.15"]
[EventType "swiss"]
[EventRounds "9"]
[EventCountry "NET"]
[SourceTitle "EXT 2023"]
[Source "ChessBase"]
[SourceDate "2022.10.05"]
[SourceVersion "1"]
[SourceVersionDate "2022.10.05"]
[SourceQuality "1"]
[WhiteTeam "Slovakia"]
[BlackTeam "Russia"]
[WhiteTeamCountry "SVK"]
[BlackTeamCountry "RUS"]

1. e4 e5 2. Nf3 Nc6 3. Bb5 a6 4. Bxc6 dxc6 5. d4 exd4 6. Qxd4 Qxd4 7. Nxd4 Bc5 8. Be3 Nf6 9. Nc3 Bd7 10. h3 0-0-0 11. Rd1 Rhe8 12. f3 b5 13. Nce2 a5 14. 0-0 Kb7 15. Rd3 Bb6 16. Nb3 Bxe3+ 17. Rxe3 Kb6 18. Rc3 b4 19. Rd3 c5 20. Nbc1 Bb5 21. Rdd1 c4 22. Nd4 c3 23. Nxb5 cxb2 24. Nd3 Kxb5 25. Rb1 c5 26. Rfd1 c4 27. Nxb2 a4 28. c3 a3 29. Rxd8 Rxd8 30. Nd1 b3 31. axb3 Rxd1+ 32. Rxd1 cxb3 33. e5 Ne8 34. Rd8 a2 35. Rb8+ Kc4 36. Rc8+ Kd3 37. Rd8+ Kc2 38. Ra8 Nc7 39. Ra5 Kb2 40. c4 a1Q+ 41. Rxa1 Kxa1 42. f4 b2 43. f5 b1Q+ 44. Kh2 Qxf5 45. g4 Qf2+ 46. Kh1 Ne6 47. c5 Nf4 48. e6 Qg2# 0-1

[Event "Skalica op-B"]
[Site "Skalica"]
[Date "2021.08.29"]
[Round "9"]
[White "Zemek, Antonin"]
[Black "Durana, Jonas"]
[Result "1-0"]
[WhiteElo "1306"]
[BlackElo "1595"]
[PlyCount "135"]
[EventDate "2021.08.21"]
[EventType "swiss"]
[EventRounds "9"]
[EventCountry "SVK"]
[SourceTitle "CBM 204 Extra"]
[Source "ChessBase"]
[SourceDate "2021.11.30"]
[SourceVersion "1"]
[SourceVersionDate "2021.11.30"]
[SourceQuality "1"]

1. e4 e6 2. d4 d5 3. Nc3 Bb4 4. a3 Bxc3+ 5. bxc3 dxe4 6. Qg4 Qf6 7. Qxe4 Ne7 8. Nf3 Nbc6 9. Bd3 Nd5 10. c4 Nb6 11. 0-0 Bd7 12. Rb1 Na5 13. Bg5 Qf5 14. Qh4 f6 15. Bxf5 fxg5 16. Qxg5 exf5 17. Qxg7 0-0-0 18. c5 Nbc4 19. Ne5 Rhg8 20. Qf6 Nxe5 21. Qxe5 Nc4 22. Qd5 Bc6 23. Qxf5+ Kb8 24. f3 Nd2 25. Qf6 Ka8 26. Kh1 Nxb1 27. Rxb1 Rde8 28. Qh4 Rg6 29. Rg1 Reg8 30. Qh3 a5 31. c4 R6g7 32. a4 Bd7 33. g4 Re8 34. Qh5 Kb8 35. d5 Rge7 36. c6 bxc6 37. d6 Re5 38. Qxh7 Kc8 39. dxc7 c5 40. Kg2 Re2+ 41. Kg3 Kxc7 42. Rb1 R2e7 43. Qc2 Bc6 44. Qb3 Kd6 45. Qb6 Re6 46. Rd1+ Ke7 47. Qxc5+ Kf7 48. Qh5+ Kf8 49. Qxa5 Rf6 50. Rf1 Kg7 51. h4 Ref8 52. Qg5+ Kh7 53. Qh5+ Kg7 54. g5 Rf4 55. Qh6+ Kg8 56. Qxc6 R4f7 57. Qe6 Kh8 58. h5 Rg7 59. Kg4 Rfg8 60. f4 Rf8 61. h6 Rgf7 62. Qe5+ Kg8 63. f5 Rc8 64. Qe6 Rd8 65. g6 Kh8 66. gxf7 Kh7 67. Qg6+ Kh8 68. Qg7# 1-0

[Event "Skalica op-B"]
[Site "Skalica"]
[Date "2021.08.22"]
[Round "2"]
[White "Durana, Jonas"]
[Black "Mach, Jan"]
[Result "0-1"]
[WhiteElo "1595"]
[BlackElo "1832"]
[PlyCount "58"]
[EventDate "2021.08.21"]
[EventType "swiss"]
[EventRounds "9"]
[EventCountry "SVK"]
[SourceTitle "CBM 204 Extra"]
[Source "ChessBase"]
[SourceDate "2021.11.30"]
[SourceVersion "1"]
[SourceVersionDate "2021.11.30"]
[SourceQuality "1"]

1. e4 c5 2. Nc3 g6 3. Bc4 Bg7 4. d3 e6 5. Nf3 Nc6 6. Bg5 Nge7 7. 0-0 0-0 8. Qd2 Re8 9. Rfe1 d6 10. Be3 d5 11. exd5 exd5 12. Bxc5 dxc4 13. dxc4 Qxd2 14. Nxd2 Bxc3 15. bxc3 b6 16. Ba3 Bf5 17. Ne4 Bxe4 18. Rxe4 f6 19. Rae1 Kf7 20. Bxe7 Rxe7 21. Rxe7+ Nxe7 22. Rd1 Ke8 23. Kf1 Rd8 24. Rxd8+ Kxd8 25. Ke2 Kd7 26. Kd3 Nc6 27. Ke4 Ke6 28. f4 f5+ 29. Kd3 Kd6 0-1

[Event "Skalica op-B"]
[Site "Skalica"]
[Date "2021.08.21"]
[Round "1"]
[White "Rehacek, Oldrich"]
[Black "Durana, Jonas"]
[Result "0-1"]
[WhiteElo "1293"]
[BlackElo "1595"]
[PlyCount "98"]
[EventDate "2021.08.21"]
[EventType "swiss"]
[EventRounds "9"]
[EventCountry "SVK"]
[SourceTitle "CBM 204 Extra"]
[Source "ChessBase"]
[SourceDate "2021.11.30"]
[SourceVersion "1"]
[SourceVersionDate "2021.11.30"]
[SourceQuality "1"]

1. b3 e5 2. Bb2 Nc6 3. e3 d6 4. Bb5 Bd7 5. d4 Nge7 6. dxe5 dxe5 7. Nf3 Ng6 8. 0-0 Bd6 9. c4 0-0 10. c5 Bxc5 11. Bxc6 Bxc6 12. Nxe5 Nxe5 13. Bxe5 Qg5 14. Bg3 Qf6 15. Nd2 Rad8 16. Qc2 Bd6 17. Bxd6 Rxd6 18. Nc4 Rd7 19. Na5 Bxg2 20. Kxg2 Rd5 21. f4 Rxa5 22. Qxc7 Rh5 23. Qc2 Qe6 24. Qe2 Rh6 25. Kh1 Rc8 26. Rad1 Kf8 27. Qd3 Qc6+ 28. e4 Qc2 29. Qxc2 Rxc2 30. Rd8+ Ke7 31. Rfd1 Rcxh2+ 32. Kg1 Rh1+ 33. Kf2 Rxd1 34. Rxd1 Rh2+ 35. Kg3 Rxa2 36. Rc1 b6 37. Rc7+ Ke8 38. Kg4 Ra3 39. Kf5 a5 40. b4 axb4 41. Rc6 Ra5+ 42. e5 Rb5 43. Ke4 b3 44. Rc1 Rb4+ 45. Kf5 g6+ 46. Kg5 h5 47. f5 b2 48. Rb1 gxf5 49. Kxf5 h4 0-1

[Event "SVK-ch U12"]
[Site "Stara Lubovna"]
[Date "2021.06.28"]
[Round "4"]
[White "Ziman, Damian"]
[Black "Durana, Jonas"]
[Result "0-1"]
[WhiteElo "1153"]
[BlackElo "1542"]
[PlyCount "118"]
[EventDate "2021.06.26"]
[EventType "swiss"]
[EventRounds "9"]
[EventCountry "SVK"]
[SourceTitle "CBM 203 Extra"]
[Source "ChessBase"]
[SourceDate "2021.09.30"]
[SourceVersion "1"]
[SourceVersionDate "2021.09.30"]
[SourceQuality "1"]

1. e4 e6 2. d4 d5 3. Nc3 Bb4 4. e5 c5 5. Nf3 Ne7 6. Bd2 a6 7. Ne2 Bxd2+ 8. Qxd2 c4 9. Nc3 Bd7 10. Be2 b5 11. 0-0 b4 12. Nd1 a5 13. Qf4 Ng6 14. Qg3 Nc6 15. Ne3 Qb6 16. Rfd1 Nce7 17. Ng5 Nf5 18. Nxf5 exf5 19. Qf3 h6 20. Nh3 Be6 21. Nf4 Nxf4 22. Qxf4 g5 23. Qe3 f4 24. Qd2 h5 25. c3 bxc3 26. Qxc3 Bg4 27. Bxg4 hxg4 28. Rab1 Qh6 29. h3 gxh3 30. Qxh3 Qxh3 31. gxh3 Rxh3 32. Kg2 g4 33. Rh1 f3+ 34. Kg1 Rxh1+ 35. Kxh1 Rb8 36. b3 Ke7 37. Kh2 Ke6 38. Kg3 Kf5 39. Rc1 Rb4 40. bxc4 Rxc4 41. Rd1 Ra4 42. Rd2 Ke4 43. Kxg4 Rxd4 44. Rxd4+ Kxd4 45. Kxf3 Kxe5 46. Ke3 d4+ 47. Kd3 Kd5 48. f4 f5 49. Kc2 Kc4 50. Kd2 d3 51. Kc1 Kd4 52. Kd2 Ke4 53. a4 Kd4 54. Kd1 Ke3 55. Ke1 Kxf4 56. Kd2 Ke4 57. Kd1 Ke3 58. Ke1 d2+ 59. Kd1 f4 0-1